000 00523nam a2200169Ia 4500
999 _c19425
_d19425
003 OSt
005 20200625094440.0
008 190216s9999||||xx |||||||||||||| ||und||
020 _a856551317
040 _coclc
082 _a954
_bSAS/L
100 _aSastri, K A Nilakanta
_93026
245 0 _aLife And Culture Of The Indian People /
_cK A Nilakanta Sastri ; Srinivasachari G
260 _bAllied Publishers Limited,
_c1974.
_aBombay:
300 _a267p
942 _cBK
_2ddc
_h954
_iSAS/L
_k954
_mSAS/L